| 000 | 02920cam a2200289 a 4500 | ||
|---|---|---|---|
| 001 | 14718545 | ||
| 005 | 20181122143607.0 | ||
| 008 | 181122s2007 nyuaf b 001 0 eng d | ||
| 010 | _a 2007004077 | ||
| 020 | _a9780385514453 | ||
| 020 | _z038551445X | ||
| 035 | _a(OCoLC)ocm82367780 | ||
| 040 |
_aCo-BoUCM _cSaul Niño _dSaul Niño |
||
| 041 | 0 | _aeng | |
| 100 | 1 |
_aWeiner, Tim _994620 |
|
| 245 | 1 | 0 |
_aLegacy of ashes _bthe history of the CIA _cTim Weiner |
| 260 |
_aNew York _bDoubleday _c2007 |
||
| 300 |
_a702 páginas., [8] páginas de láminas _bfotografías |
||
| 505 | 0 | _a"In the beginning, we knew nothing" : the CIA under Truman, 1945-1953 -- "A strange kind of genius" : the CIA under Eisenhower, 1953 to 1961 -- Lost causes : the CIA under Kennedy and Johnson, 1961 to 1968 -- "Get rid of the clowns" : the CIA under Nixon and Ford, 1968 to 1977 -- Victory without joy : the CIA under Carter, Reagan, and George H.W. Bush, 1977 to 1993 -- The reckoning : the CIA under Clinton and George W. Bush, 1993 to 2007. | |
| 505 | 0 | _aIntelligence must be global and totalitarian -- The logic of force -- Fight fire with fire -- The most secret thing -- A rich blind man -- They were suicide missions -- A vast field of illusion -- We have no plan -- CIA's greatest single triumph -- Bomb repeat bomb -- And then we'll have a storm -- We ran it in a different way -- Wishful blindness -- Ham-handed operations of all kinds -- A very strange war -- He was lying down and he was lying up -- Nobody knew what to do -- We had also fooled ourselves -- We'd be delighted to trade those missiles -- Hey, boss, we did a good job, didn't we? -- I thought it was a conspiracy -- An ominous drift -- More courage than wisdom -- The beginning of a long slide downwards -- We knew then that we could not win the war -- A political H-bomb -- Track down the foreign communists -- What the hell do those clowns do out there in Langley? -- USG wants a military solution -- We are going to catch a lot of hell -- To change the concept of a secret service -- A classic fascist ideal -- The CIA would be destroyed -- Saigon signing off -- Ineffective and scared -- He sought to overthrow their system -- We were just plain asleep -- A free-lance buccaneer -- In a dangerous way -- He was running a great risk -- A con man's con man -- To think the unthinkable -- What are we going to do when the wall comes down? -- We had no facts -- Why in the world didn't we know? -- We're in trouble -- The threat could not be more real -- The dark side -- A grave mistake -- The burial ceremony. | |
| 546 | _aTexto en inglés | ||
| 610 | 1 | 0 |
_aEstados Unidos _bAgencia Central de Inteligencia _xHistoria _994621 |
| 650 | 7 |
_aServicio de inteligencia _zEstados Unidos _xHistoria _924266 |
|
| 650 | 7 |
_aFuncionarios públicos _xEstados Unidos _97643 |
|
| 942 |
_2DEWEY _a6 _cLIBRO _e1 _h327.12 _mW423l |
||
| 999 |
_c311132 _d311132 |
||